000
00240nam a22001097a 4500
082
_a
621.381 HOE'D
100
_a
HOEBEEK, A. M
_9
61163
245
_a
DIGITAL I. C EQUIVALENTS
260
_a
DELHI
_b
BPB
_c
1989
300
_a
274P
942
_c
BK
999
_c
570708
_d
570708